000 00583nam a2200229Ia 4500
003 OSt
005 20220928105001.0
006 a|||||r|||| 00| 0
007 ta
008 220927b |||||||| |||| 00| 0 eng d
024 _a35434
037 _cTextual
040 _aSDCL
_cSDCL
_beng
041 _2eng
_aeng
082 _aO152:g, M8
100 _aTripati
_9413163
245 0 _aSahityashastra ke pramukh paksh.
260 _aNew Delhi
_bVani Prakashan
_c1988
300 _a320p.
_ccm.
942 _hO152:g, M8
_cTEXL
_2CC
999 _c728935
_d728935